00530 2200169 4500245004700000020001800047250001100065700001900076650001600095005001900111260002600130041001400156084000800170300002700178500014600205336000900351 aPoconggg Juga PocongcAnwar SyafranihText a602-220-002-4 aCet. 1 aAnwar Syafrani aNovel Fiksi a20240520102418 aJakartabBukunec2011 aIndonesia a813 avi, 142 hlm. :c19 cm. aPredikat sebagai pocong jantan tinggal sedikit lagi bisa gue raih. Setelah semua penjuru kompleks dijabanin, gue pun memutuskan untuk pulang. atext